000 01684nam a22002297a 4500
005 20170124105945.0
010 _a852206
020 _c00.00
035 _a852206
037 _bCen Lib/Ret
040 _aDPL
_bEN
082 _a331.20954
_bRAS
100 _aRastogi, Sita Ram
_975975
245 _aWage regulation in India :
_cby Sita Ram Rastogi
_ba study of Kanpur /
260 _aBombay
_bPopular Prakashan
_c1977
270 _bBombay
_a35 c Tardeo Road
_e400034
300 _aviii, 255p.
_c21cm(Hb)
500 _aIncludes bibliographical references and index
650 _aWages -- Government policy -- India
_975976
650 _aWorking class -- India
_975977
942 _2ddc
_cEN
_h331.20954
_mRAS
999 _c124830
_d124830